[Event "Recife op 4th"]
[Site "Recife"]
[Date "2017.04.20"]
[Round "1"]
[White "Leite, Henrique Bezerra"]
[Black "De Moraes, Henrique Miranda Ly"]
[Result "1-0"]
[WhiteElo "1957"]
[BlackElo "1700"]
[PlyCount "43"]
[EventDate "2017.04.20"]
[EventType "swiss"]
[EventRounds "6"]
[EventCountry "BRA"]
[SourceTitle "EXT 2018"]
[Source "ChessBase"]
[SourceDate "2017.10.13"]
[SourceVersion "1"]
[SourceVersionDate "2017.10.13"]
[SourceQuality "1"]

1. c4 e5 2. Nc3 Bc5 3. g3 Nf6 4. Bg2 Ng4 5. e3 Nf6 6. Nge2 0-0 7. 0-0 c6 8. d4 exd4 9. exd4 Bb4 10. Qb3 Bxc3 11. Nxc3 Ne8 12. Bf4 g5 13. Be3 Nd6 14. Rad1 b6 15. d5 c5 16. Rfe1 Ba6 17. Bf1 Nb7 18. f4 Na5 19. Qa4 f6 20. Ne4 gxf4 21. Bxf4 Re8 22. Nxf6+ 1-0